|
|
|
|
| LEADER |
00000nam0a2200000 4500 |
| 001 |
256507 |
| 005 |
20231101233124.0 |
| 020 |
|
|
|a RU
|b 88-772
|
| 035 |
|
|
|a (RuTPU)RU\TPU\book\279209
|
| 090 |
|
|
|a 256507
|
| 100 |
|
|
|a 20140409d1987 k y0rusy5003 ca
|
| 101 |
0 |
|
|a rus
|
| 102 |
|
|
|a RU
|
| 105 |
|
|
|a ab z 001zb
|
| 200 |
1 |
|
|a Евгений Светланов: дирижер, композитор, пианист
|e сборник
|f Сост. П. В. Лукьянченко
|
| 210 |
|
|
|a Москва
|c Музыка
|d 1987
|
| 215 |
|
|
|a 159 с.
|c ил.
|
| 225 |
1 |
|
|a Выдающиеся советские музыканты
|
| 320 |
|
|
|a Ст., очерки, рец., интервью Е. Светланова, лит. о нем: с. 141-146, 155-158.
|
| 320 |
|
|
|a Кат. соч. Е. Ф. Светланова: с. 137-140. Кат. звукозаписей Е. Ф. Светланова: с. 72-140.
|
| 600 |
|
1 |
|a Светланов
|b Е. Ф.
|g Евгений Федорович
|c российский композитор
|c дирижер
|c пианист
|f 1928-
|2 stltpush
|3 (RuTPU)RU\TPU\pers\7517
|
| 606 |
1 |
|
|a Дирижерское искусство
|2 stltpush
|3 (RuTPU)RU\TPU\subj\9587
|9 36805
|
| 610 |
1 |
|
|a дирижеры
|
| 610 |
1 |
|
|a музыка
|
| 610 |
1 |
|
|a исполнители
|
| 610 |
1 |
|
|a история
|
| 610 |
1 |
|
|a 20 век
|
| 610 |
1 |
|
|a СССР
|
| 610 |
1 |
|
|a композиторы
|
| 610 |
1 |
|
|a пианисты
|
| 675 |
|
|
|a 78.071.2
|z rus
|v 3
|
| 702 |
|
1 |
|a Лукьянченко
|b П. В.
|4 340
|
| 801 |
|
0 |
|a RU
|b RuMRKP
|c 19950417
|g psbo
|
| 801 |
|
1 |
|a RU
|b 63413507
|c 20140409
|
| 801 |
|
2 |
|a RU
|b 63413507
|c 20140911
|g RCR
|
| 942 |
|
|
|c BK
|